Регионална библиотека "Любен Каравелов" - Русе

Методика на обучението по валдхорна (Запис номер 36644)

MARC детайли
000 -Лидер
Контролно поле с фиксирана дължина 01392nam a2200349 c 4500
003 - Код на организацията, давaща контролен номер
Контролно поле BLK
005 - Дата и час на последна редакция
Контролно поле 20250329160042.0
008 - Елементи от данни с фиксирана дължина
fixed length control field 180408b bul|||||r ||||||| ||bul||
010 ## - Наследен системен номер
LC control number KNG00039660000
040 ## - Източник на каталожния запис
Идентификатор на билиотеката - собственик на записа BLK
041 ## - Код за език
Код за езика на текст/звукозапис или на отделно заглавие Български
Код за езика КДБФ Български
080 ## - УДК
Текстов определител УДК Валдхорна
УДК код - определител по УДК 788.42
УДК определител (072)(075.8)
УДК - код + определител 788.42(072)(075.8)
100 1# - Редна дума - Автор
Автор Григоров, Владислав Илиев
Авторска отговорност първи автор
R(LIN) 275049
139 ## - Редно поле
Редна дума Григоров, Владислав Илиев
Авторски знак Григ - Г 82
245 10 - Сведения за заглавието
Заглавие Методика на обучението по валдхорна
Редно поле (дума) Владислав Илиев Григоров.
257 ## - Страна на издаване
Страна на създаване/издаване България
260 ## - Област на издателските данни
-- София
Име на издателя, разпространителя и проч. Музика
Година на издаване 1989
300 ## - Физическа характеристика
Страници 100 с.
Илюстрации и др. с ноти
Размери/Мащаб 20 см
380 ## - Жанр
Жанр Изкуство
500 ## - Общи забележки
Забележка Бибилиогр. с. 91.
650 #0 - Допълнително описание по предмет – тема
Основно описание – тема или топоним Духови музикални инструменти
9 (RLIN) 275013
650 #4 - Допълнително описание по предмет – тема
Основно описание – тема или топоним Музикални инструменти
9 (RLIN) 275050
653 ## - Ключова дума – ненормативна
Ключова дума методика на преподаването
653 ## - Ключова дума – ненормативна
Ключова дума духови музикални инструменти
653 ## - Ключова дума – ненормативна
Ключова дума валдхорни
852 ## - Местоположение
Форматна сигнатура Цб 161258
856 4# - Електронен адрес и достъп
Електронен формат pdf - файл
Път до файла /url/
856 4# - Електронен адрес и достъп
Електронен формат pdf - файл
Път до файла /url/
942 ## - АРТИКУЛИ
Вид на библиотечния материал Книги
Скрит в OPAC Не
944 ## - СЪЗДАВАНЕ И РЕДАКЦИЯ на ЗАПИСА
Създаване/Редакция Създаване
Дата на регистрацията/редакция 13.12.2011
Статус, дата на статуса Геновева Генчева
Служител, извършил регистрацията/редакцията 30560
944 ## - СЪЗДАВАНЕ И РЕДАКЦИЯ на ЗАПИСА
Създаване/Редакция Редакция
Дата на регистрацията/редакция 21.05.2015
Статус, дата на статуса 13.12.2011 - от С1,Р / 13.12.2011
Служител, извършил регистрацията/редакцията Камелия_Данева
999 ## - СИСТЕМНИ КОНТРОЛНИ НОМЕРА
Koha biblionumber 36644
Koha biblioitemnumber 36644
Наличности
Код за отписване Код за изгубен артикул Източник на класификационната схема Код за повреда Коз за рестрикции Код за отдаване Артикулен № Име на библиотеката - собственик Име на библиотеката, в която се намира в момента Статус (Текущо местоположение) Дата на вписване в системата Местоположение - отдел Цена в лева Инвентарен номер Систематично азбучна сигнатура Баркод Номер на екземпляра Цена в евро Служебна бележка Служебен тип на артикула
  Не е изгубен Universal Decimal Classification Не е повреден без рестрикции заемане за дома 57675 Регионална библиотека "Любен Каравелов" Русе Регионална библиотека "Любен Каравелов" Русе Отдел Изкуство - подръчен фонд 1989-01-01 Отдел Изкуство - подръчен фонд 0.46 526547 788/Г 82 120000526547 1 0.24 Дост: Pk Вид: Ф N: стар фонд Дата: 01.01.1989 Дата инв: 21.06.2012 Бележки инв: * Книги
  Не е изгубен Universal Decimal Classification Не е повреден без рестрикции заемане за дома 57676 Регионална библиотека "Любен Каравелов" Русе Регионална библиотека "Любен Каравелов" Русе Отдел Изкуство - подръчен фонд 1989-01-01 Отдел Изкуство - подръчен фонд 0.46 529696 788/Г 82 120000529696 2 0.24 Дост: Pk Вид: Ф N: стар фонд Дата: 01.01.1989 Дата инв: 05.04.2017 Бележки инв: ИП2017 Книги
  Не е изгубен Universal Decimal Classification Не е повреден само за читалня ползва се в читалня 57677 Регионална библиотека "Любен Каравелов" Русе Регионална библиотека "Любен Каравелов" Русе Хранилище 1989-01-01 Хранилище 0.46 528779 Цб 161258 120000528779 3 0.24 Дост: Dp Вид: Д N: стар фонд Дата: 01.01.1989 Книги
Vip Innovations Ltd, Rousse, Bulgaria 2025